| 000 | 01689 a2200205 4500 | ||
|---|---|---|---|
| 001 | 33679 | ||
| 005 | 20260407155628.0 | ||
| 008 | 260407a1989 arg spa d | ||
| 003 | AR-UNSa-BCEJYS | ||
| 040 |
_aAR-UNSa-BCEJYS _bspa _cAR-UNSa-BCEJYS |
||
| 080 |
_a349.2 _xDerecho del Trabajo |
||
| 245 | 1 | 0 | _aDerecho del trabajo y de la seguridad social |
| 250 | _a4a. ed. | ||
| 264 | 1 |
_aBuenos Aires : _bAstrea _c1989 |
|
| 300 |
_a2 v. _c22 cm. |
||
| 505 | _aVol. I: 1. El trabajo humano - 2. La plítica social - 3. Mercado de trabajo - 4. Derecho del trabajo - 5. Evolución histórica - 6. Instituciones socio-laborales - 7. la relacion individual - 8. Contrato de trabajo - 9. Deberes y derechos de las partes - 10. Condiciones de trabajo - 11. Remuneración - 12. Suspensión de algunas obligaciones que impone la presentación laboral - 13. Novación subjetiva del contrato de trabajo - 14. Extinción del contrato de trabajo -- Vol. II: 15. Estatutos especiales - 16. Introducción a las relaciones colectivas de trabajo - 17. Régimen legal de lasmasociaciones gremialesde trabajadores - 18. Conflicto laboral - 19. Negociación colectiva - 20. Intervención del estado en las relaciones de trabajo - 21. Justicia nacopnal del trabajo de la capital federal - 22. Justicia del trabajo en la provincia de Buenos Aires - 23. La problemática - 24. Derecho de la seguridad social - 25. Régimen previsional argentino - 26. Régimen de asignaciones familiares - 27. Amparo de las contingencias por enfermedad o accidentes - 28. Cobertura de otros estados de necesidad en la argentina. | ||
| 942 | _cBK | ||
| 590 | _aniveau_biblio:m niveau_hierar:0 | ||
| 100 | 1 | _aVázquez Vialard, Antonio | |
| 999 |
_c2383 _d2383 |
||